000
00298nam a2200121Ia 4500
999
_c
14016
_d
14016
008
260210s9999 xx 000 0 und d
020
_a
9788957709153
082
_a
720.956 MAT
100
_a
Archiworld
245
0
_a
Middle East 100 Architecture, Vol. 2
260
_b
Archiworld
942
_c
PG
_2
ddc